[Event "ch-ISR 2016"]
[Site "Tiberias ISR"]
[Date "2016.12.05"]
[Round "1.1"]
[White "Nabaty, Tamir"]
[Black "Mindlin, Alon"]
[Result "1-0"]
[WhiteTitle "GM"]
[BlackTitle "IM"]
[WhiteElo "2649"]
[BlackElo "2428"]
[WhiteFideId "2809052"]
[BlackFideId "2800071"]
[EventDate "2016.12.05"]

1. d4 Nf6 2. Bf4 b6 3. Nc3 Bb7 4. f3 d5 5. e4 dxe4 6. fxe4 Nxe4 7. Qf3 Nd6 8.
Bb5+ Nd7 9. Bc6 Bxc6 10. Qxc6 g5 11. Bxg5 h6 12. Bf4 Bg7 13. Nf3 O-O 14. O-O-O
Nf6 15. Ne5 Qe8 16. Rhe1 e6 17. Qxc7 Nb5 18. Nxb5 Qxb5 19. Qc4 a6 20. Qxb5 axb5
21. a3 b4 22. axb4 Nd5 23. g3 Nxb4 24. c3 Nd5 25. Kc2 b5 26. Ra1 Rfc8 27. Kb3
Bxe5 28. Bxe5 h5 29. Bd6 Kh7 30. Bc5 Kg6 31. Kc2 Ne3+ 32. Kb3 Nd5 33. Ra3 Rxa3+
34. bxa3 Kf5 35. Rf1+ Kg6 36. Rf3 e5 37. Rf2 e4 38. c4 bxc4+ 39. Kxc4 Nb6+ 40.
Kb5 Nd5 41. a4 Rb8+ 42. Kc6 Nc3 43. a5 e3 44. Rf1 Rb2 45. Re1 e2 46. a6 Kf5 47.
a7 Ra2 48. d5 Ne4 49. Rxe2 Rxe2 50. a8=Q Rc2 51. d6 1-0

[Event "ch-ISR 2016"]
[Site "Tiberias ISR"]
[Date "2016.12.05"]
[Round "1.2"]
[White "Bakalchuk, Johnatan"]
[Black "Postny, Evgeny"]
[Result "0-1"]
[WhiteTitle "FM"]
[BlackTitle "GM"]
[WhiteElo "2389"]
[BlackElo "2620"]
[WhiteFideId "2810301"]
[BlackFideId "2804344"]
[EventDate "2016.12.05"]

1. d4 d5 2. Nc3 Nf6 3. Bf4 e6 4. e3 Bb4 5. Bd3 c5 6. dxc5 Nbd7 7. Ne2 a6 8. a3
Bxc5 9. e4 e5 10. Bg3 d4 11. Nd5 Nxd5 12. exd5 O-O 13. Qd2 Re8 14. O-O Nb6 15.
b4 Bf8 16. c3 e4 17. Bb1 d3 18. Nf4 Nc4 19. Qa2 b5 20. f3 f5 21. fxe4 fxe4 22.
Qf2 Qb6 23. Qxb6 Nxb6 24. Ba2 Nc4 25. a4 Bd7 26. Ne6 Bxe6 27. dxe6 Rad8 28. axb5
axb5 29. Rf5 Be7 30. Bxc4 bxc4 31. Re5 Bf6 32. Rxe4 Bxc3 33. Rd1 Rd4 34. Re3
Bxb4 35. Be5 Rd5 36. Re4 Rxe6 0-1

[Event "ch-ISR 2016"]
[Site "Tiberias ISR"]
[Date "2016.12.05"]
[Round "1.3"]
[White "Roiz, Michael"]
[Black "Birnboim, Nathan"]
[Result "1-0"]
[WhiteTitle "GM"]
[BlackTitle "IM"]
[WhiteElo "2608"]
[BlackElo "2365"]
[WhiteFideId "2804158"]
[BlackFideId "2800209"]
[EventDate "2016.12.05"]

1. Nf3 e6 2. c4 Nf6 3. Nc3 Bb4 4. Qc2 O-O 5. a3 Bxc3 6. Qxc3 d5 7. e3 c5 8. b4
e5 9. cxd5 cxb4 10. Qxb4 Nxd5 11. Qe4 Re8 12. Bb2 Nc6 13. Be2 Nf6 14. Qb1 Bg4
15. h3 Bh5 16. O-O Bxf3 17. Bxf3 Qxd2 18. Rd1 Qa5 19. Qa2 Rac8 20. Rac1 h6 21.
Qb3 Qa6 22. Rd6 e4 23. Bd1 Rcd8 24. Rxd8 Rxd8 25. Bc2 Qe2 26. Bxf6 gxf6 27. Bxe4
Rd2 28. Rf1 Nd4 29. Bh7+ Kxh7 30. Qxf7+ Kh8 31. exd4 Rd1 32. Qxf6+ Kh7 33. Rxd1
Qxd1+ 34. Kh2 Qb3 35. Qd6 Qf7 36. Kg1 a5 37. Qc5 a4 38. d5 Qf5 39. Qc7+ 1-0

[Event "ch-ISR 2016"]
[Site "Tiberias ISR"]
[Date "2016.12.05"]
[Round "1.4"]
[White "Shachar, Ehud"]
[Black "Golod, Vitali"]
[Result "1-0"]
[WhiteTitle "FM"]
[BlackTitle "GM"]
[WhiteElo "2356"]
[BlackElo "2549"]
[WhiteFideId "2802198"]
[BlackFideId "2804140"]
[EventDate "2016.12.05"]

1. e4 c5 2. Nf3 Nc6 3. Bb5 Nf6 4. e5 Nd5 5. O-O Nc7 6. Bxc6 dxc6 7. h3 g6 8. Re1
Bg7 9. b3 Ne6 10. Bb2 Nd4 11. c3 Ne6 12. d4 b6 13. Nbd2 cxd4 14. cxd4 Bb7 15.
Ne4 h6 16. Qc2 O-O 17. Rad1 Rc8 18. h4 c5 19. dxc5 Qc7 20. b4 bxc5 21. bxc5 Nxc5
22. Nxc5 Qxc5 23. Qxc5 Rxc5 24. Rd7 Bxf3 25. gxf3 Ra5 26. Bd4 e6 27. Re2 a6 28.
f4 Rc8 29. Rb2 Rb5 30. Rxb5 axb5 31. Rb7 Ra8 32. Rxb5 Bf8 33. Rb2 Ra4 34. Be3
Be7 35. h5 gxh5 36. Rb7 Bf8 37. Ra7 Rxa7 38. Bxa7 Ba3 39. Bb8 Kf8 40. Bd6+ Bxd6
41. exd6 Ke8 42. Kg2 Kd7 43. Kh3 Kxd6 44. Kh4 Kd5 1-0

[Event "ch-ISR 2016"]
[Site "Tiberias ISR"]
[Date "2016.12.05"]
[Round "1.5"]
[White "Baron, Tal"]
[Black "Kraus, Ohad"]
[Result "1-0"]
[WhiteTitle "GM"]
[WhiteElo "2536"]
[BlackElo "2340"]
[WhiteFideId "2809958"]
[BlackFideId "2811812"]
[EventDate "2016.12.05"]

1. d4 Nf6 2. c4 g6 3. Nc3 Bg7 4. e4 d6 5. Nf3 O-O 6. h3 e5 7. d5 Nh5 8. g3 Na6
9. Nd2 Bh6 10. a3 c5 11. Bg2 Qe8 12. Nb5 Qe7 13. O-O Bd7 14. Kh2 Be8 15. Nf3
Bxc1 16. Qxc1 Kg7 17. Nh4 Bd7 18. Qc3 Kg8 19. Rae1 Bc8 20. Kg1 Nc7 21. Nxc7 Qxc7
22. f4 exf4 23. g4 Ng7 24. g5 Nh5 25. e5 Qe7 26. exd6 Qxg5 27. Nf3 Qd8 28. Nd2
Bf5 29. Be4 Bc8 30. Bg2 Qxd6 31. Ne4 Qd8 32. Nxc5 Bf5 33. b4 Rc8 34. Nxb7 Qb6+
35. Nc5 Rfe8 36. Rxe8+ Rxe8 37. Re1 Rb8 38. Kh1 a5 39. Re7 axb4 40. axb4 f6 41.
Qe1 Qxb4 42. Qxb4 Rxb4 43. d6 Kf8 44. Bd5 f3 45. Rb7 f2 46. Rf7+ Ke8 47. Re7+
Kd8 48. Kg2 Rb2 49. Nb7+ Rxb7 50. Bxb7 1-0

[Event "ch-ISR 2016"]
[Site "Tiberias ISR"]
[Date "2016.12.05"]
[Round "1.6"]
[White "Aharon, Ofir"]
[Black "Dvoirys, Semen I."]
[Result "0-1"]
[WhiteTitle "FM"]
[BlackTitle "GM"]
[WhiteElo "2339"]
[BlackElo "2534"]
[WhiteFideId "2800683"]
[BlackFideId "4100379"]
[EventDate "2016.12.05"]

1. e4 c5 2. Nf3 d6 3. d4 cxd4 4. Nxd4 Nf6 5. Nc3 a6 6. Be3 e5 7. Nb3 Be6 8. f3
Nbd7 9. Qd2 Be7 10. g4 h6 11. O-O-O b5 12. Kb1 Qc7 13. Qf2 Rb8 14. Nd5 Bxd5 15.
exd5 Bd8 16. Qe2 a5 17. Bd2 Qa7 18. g5 hxg5 19. Bxg5 Kf8 20. f4 a4 21. Nc1 a3
22. bxa3 Qxa3 23. Qd3 Qa4 24. Qb3 Nc5 25. Qxa4 bxa4+ 26. Ka1 Ba5 27. Ne2 Nfe4
28. Bg2 Nc3 0-1

[Event "ch-ISR 2016"]
[Site "Tiberias ISR"]
[Date "2016.12.05"]
[Round "1.7"]
[White "Boruchovsky, Avital"]
[Black "Drori, Saar"]
[Result "1/2-1/2"]
[WhiteTitle "GM"]
[BlackTitle "FM"]
[WhiteElo "2530"]
[BlackElo "2318"]
[WhiteFideId "2800055"]
[BlackFideId "2812444"]
[EventDate "2016.12.05"]

1. e4 c5 2. c3 Nf6 3. e5 Nd5 4. d4 cxd4 5. cxd4 d6 6. Nf3 e6 7. Bc4 Be7 8. O-O
O-O 9. exd6 Qxd6 10. Nc3 Nc6 11. Re1 Rd8 12. Bb3 Nf6 13. Nb5 Qd7 14. Bf4 a6 15.
Nc7 Ra7 16. Rc1 Bd6 17. Nxe6 fxe6 18. Rxe6 Qxe6 19. Ng5 Bxf4 20. Nxe6 Bxe6 21.
Bxe6+ Kh8 22. Rc4 Ne7 23. Qf3 b5 24. Rc3 Bd6 25. g4 Raa8 26. g5 Nfd5 27. Bxd5
Nxd5 28. Rc6 Bf8 29. h4 Ra7 30. Qg4 Ne7 31. Re6 Rad7 32. Re4 Rd6 33. Qh5 Nc6 34.
Re8 Kg8 35. Rxd8 Rxd8 36. d5 Nd4 37. Qg4 Rxd5 38. Qe4 Rd6 39. h5 g6 40. Kg2 Kf7
41. Qe5 Kg8 42. b3 Nf5 43. a4 bxa4 44. bxa4 Ng7 45. h6 Nf5 46. a5 Nh4+ 47. Kh3
Nf5 48. Qe4 Nd4 49. Kg2 Ne6 50. f4 Nd4 51. Kf2 Kf7 52. Qe5 Kg8 53. Qe8 Nf5 54.
Qc8 Nd4 55. Qb7 Ne6 56. Kg3 Nc5 57. Qb4 Ne6 58. Qc3 Nd8 59. Kg4 Nf7 60. Qc4 Be7
61. Qc8+ Bf8 62. Qb7 Nd8 63. Qb3+ Nf7 64. Qc4 Be7 65. Qe4 Bf8 66. Qe2 Nd8 67.
Qc4+ Nf7 68. f5 gxf5+ 69. Kxf5 Rg6 70. Ke4 Rd6 1/2-1/2

[Event "ch-ISR 2016"]
[Site "Tiberias ISR"]
[Date "2016.12.05"]
[Round "1.8"]
[White "Taichman, Ori"]
[Black "Mikhalevski, Victor"]
[Result "0-1"]
[BlackTitle "GM"]
[WhiteElo "2291"]
[BlackElo "2503"]
[WhiteFideId "2804069"]
[BlackFideId "2801914"]
[EventDate "2016.12.05"]

1. e4 e5 2. d4 exd4 3. Qxd4 Nc6 4. Qe3 g6 5. Nc3 Bg7 6. Bd2 Nf6 7. O-O-O O-O 8.
Bc4 Na5 9. Be2 Re8 10. Qf4 Nc6 11. g4 d5 12. exd5 Ne5 13. h3 Nxd5 14. Qg3 Qf6
15. f4 Nc6 16. f5 Ncb4 17. Bc4 b5 18. Bxd5 Nxd5 19. Nf3 b4 20. g5 Qxf5 21. Nxd5
Qxd5 22. Kb1 Be6 23. b3 Rad8 24. Qf4 Bf5 25. Rhe1 Be4 26. Re3 Qc6 27. Ne1 Bc3
28. Nd3 Bd4 29. Ree1 a5 30. Rf1 Bf5 31. h4 Re4 32. Qf3 Qd5 33. Nf4 Qc5 34. Nd3
Qd5 35. Nf4 Qe5 36. Nd3 Qe7 37. Rde1 Re8 38. h5 Qd7 39. hxg6 fxg6 40. Rxe4 Bxe4
41. Qg3 Bg7 42. Bc1 Bf5 43. Rd1 a4 44. Qf4 Re4 45. Qf3 axb3 46. axb3 Qe7 47. Nf2
Re2 48. Nd3 Re4 49. Nf2 Re6 50. Qa8+ Kf7 51. Nd3 Bc3 52. Qd5 Kg7 53. Bb2 Bxb2
54. Kxb2 Qd6 55. Qc4 Re4 56. Qb5 Rd4 57. Qe8 Qe6 58. Qxe6 Bxe6 59. Re1 Rd6 60.
Nc5 Kf7 61. Rh1 Kg8 62. Rh4 Bf5 63. Rxb4 Rd2 64. Ne4 Rg2 65. Nf6+ Kg7 66. Rh4
Rxg5 67. Ne8+ Kf7 68. Nxc7 h5 69. c4 Rg2+ 70. Kc3 Bg4 71. Rh1 Rg3+ 72. Kb2 Bf3
73. Rf1 h4 74. Nb5 Kg8 75. Nd4 Bg2 76. Rf2 h3 77. Ne6 g5 78. Rf8+ Kh7 79. Rf7+
Kg6 80. Rd7 h2 81. Nf8+ Kf5 82. Rf7+ Kg4 83. Nd7 Rf3 84. Ne5+ Kg3 85. Nxf3 Bxf3
86. Rh7 h1=Q 87. Rxh1 Bxh1 88. b4 Kf2 89. b5 g4 90. c5 g3 91. c6 Bf3 0-1

[Event "ch-ISR 2016"]
[Site "Tiberias ISR"]
[Date "2016.12.05"]
[Round "1.9"]
[White "Soffer, Ram"]
[Black "Chernomordik, Pavel"]
[Result "1/2-1/2"]
[WhiteTitle "GM"]
[BlackTitle "FM"]
[WhiteElo "2488"]
[BlackElo "2254"]
[WhiteFideId "2800101"]
[BlackFideId "2804530"]
[EventDate "2016.12.05"]

1. e4 d6 2. d4 g6 3. c4 Bg7 4. Nc3 a6 5. Be3 Nf6 6. h3 O-O 7. Nf3 c6 8. Be2 Nfd7
9. h4 b5 10. h5 Nf6 11. hxg6 hxg6 12. Ng5 e5 13. dxe5 dxe5 14. Qb3 Qe7 15. O-O-O
Nbd7 16. Kb1 Rb8 17. c5 a5 18. Rd6 a4 19. Qd1 Bb7 20. Qd2 Rfc8 21. Bg4 Rc7 22.
Bh3 Nf8 23. Rd1 Ne8 24. Nf3 Bc8 25. Bg5 f6 26. Nxe5 Bxh3 27. Nxc6 Rxc6 28. Rxc6
Bd7 29. Bf4 Bxc6 30. Bxb8 b4 31. Nd5 Qxe4+ 32. Kc1 b3 33. axb3 axb3 34. Qd3 Bh6+
35. f4 Qe6 36. Qxb3 Kg7 37. Qd3 Nd7 38. Bd6 Nxd6 39. cxd6 Qxd6 40. g3 g5 41. Qf5
gxf4 42. Nxf4 Qc5+ 43. Qxc5 Nxc5 44. Kd2 f5 45. Ke3 Ne4 46. Rc1 Bd5 47. Kd4 Nxg3
48. Rc7+ Bf7 49. Ke5 Kg8 50. Nd5 Kg7 51. b4 Kg6 52. Ne7+ Kg7 53. b5 Be3 54. Nd5
Bf2 55. b6 Bxb6 56. Nxb6 Kg6 57. Nd7 Kg5 58. Nf8 Bh5 59. Rg7+ Kh4 60. Ne6 Bg4
61. Nd4 Nh5 62. Rg6 Ng3 63. Ne6 Kh3 64. Nf4+ Kh2 65. Kd4 Nf1 66. Ke5 Ng3 67.
Rh6+ Kg1 68. Ne6 Kg2 69. Nd4 Kf2 70. Rh2+ Ke3 71. Nc2+ Kf3 72. Ne1+ Ke3 73. Ng2+
Kd3 74. Nf4+ Ke3 75. Rg2 Kf3 76. Ra2 Ne4 77. Ne6 Ke3 78. Ra3+ Kf2 79. Kf4 Nf6
80. Ra2+ Ke1 81. Ke5 Nd7+ 82. Kd4 Nf6 83. Nf4 Nh5 84. Ng2+ Kf1 85. Ne3+ Kg1 86.
Nxg4 fxg4 87. Ke3 Kf1 88. Rh2 Ng3 89. Kf4 Ne2+ 90. Kxg4 Ng1 91. Kg3 Ne2+ 92. Kf3
Ng1+ 93. Ke3 Ke1 94. Rf2 Nh3 95. Rf5 Ng1 96. Rf8 Nh3 97. Rg8 Kf1 98. Rg7 Ng1 99.
Rg3 Ne2 100. Rf3+ Ke1 101. Rf7 Ng1 102. Rf8 Nh3 103. Kf3 Ng1+ 104. Kg2 Ne2 105.
Rd8 Nc3 106. Kf3 Nd1 107. Rd3 Nb2 108. Rd4 Nd1 109. Rd8 Nb2 110. Ke3 Nd1+ 111.
Kf3 Nb2 1/2-1/2

[Event "ch-ISR 2016"]
[Site "Tiberias ISR"]
[Date "2016.12.05"]
[Round "1.10"]
[White "Lovin, Boris"]
[Black "Kobo, Ori"]
[Result "0-1"]
[BlackTitle "IM"]
[WhiteElo "2254"]
[BlackElo "2480"]
[WhiteFideId "2808064"]
[BlackFideId "2812320"]
[EventDate "2016.12.05"]

1. d4 Nf6 2. Nf3 g6 3. c4 Bg7 4. Nc3 d5 5. Bg5 dxc4 6. e3 Be6 7. Ne5 c5 8. Qa4+
Nbd7 9. dxc5 O-O 10. O-O-O Qc7 11. Nxd7 Nxd7 12. Bxe7 Nxc5 13. Bxc5 Qxc5 14. Qb5
Qc7 15. Nd5 Bxd5 16. Rxd5 c3 17. b3 Qe7 18. Qc5 Qf6 19. f4 Rac8 20. Qd4 Qe7 21.
Qxa7 c2 22. Bc4 Qb4 23. Qa5 Rxc4 24. Qxb4 Rxb4 25. Kxc2 Ra8 26. Kb1 Re4 27. Rd3
Rae8 0-1

[Event "ch-ISR 2016"]
[Site "Tiberias ISR"]
[Date "2016.12.05"]
[Round "1.11"]
[White "Steinberg, Nitzan"]
[Black "Gamayev, Oleg"]
[Result "1-0"]
[WhiteTitle "IM"]
[WhiteElo "2476"]
[BlackElo "2238"]
[WhiteFideId "2801795"]
[BlackFideId "2802813"]
[EventDate "2016.12.05"]

1. e4 d6 2. d4 Nf6 3. Nc3 e5 4. Nf3 exd4 5. Nxd4 Be7 6. Be2 O-O 7. Bf4 Nc6 8.
Qd2 a6 9. O-O-O Ne5 10. f3 Ng6 11. Be3 d5 12. h4 dxe4 13. Qe1 Qe8 14. h5 Ne5 15.
h6 g6 16. Qg3 Bd6 17. Qh4 Nfd7 18. Nxe4 Be7 19. Qg3 Bd8 20. Bf4 b5 21. Rhe1 f6
22. Bf1 Qf7 23. Kb1 Kh8 24. Bc1 Be7 25. f4 Nc4 26. Nc6 Re8 27. Qc3 Ncb6 28. Ng5
Qf8 29. Ne6 Qf7 30. Nxc7 Bb7 31. Nxe8 Rxe8 32. Nxe7 Rxe7 33. Qc7 Be4 34. Ka1 Kg8
35. Bd3 Nd5 36. Qd8+ Re8 37. Bxe4 Nb4 38. Qxe8+ Qxe8 39. Bd5+ Kf8 40. Rxe8+ Kxe8
41. Bf3 1-0

[Event "ch-ISR 2016"]
[Site "Tiberias ISR"]
[Date "2016.12.05"]
[Round "1.12"]
[White "Kraus, Yair"]
[Black "Givon, Asaf"]
[Result "0-1"]
[BlackTitle "IM"]
[WhiteElo "2218"]
[BlackElo "2471"]
[WhiteFideId "2804786"]
[BlackFideId "2801841"]
[EventDate "2016.12.05"]

1. d4 Nf6 2. c4 g6 3. Nc3 d5 4. Bf4 Bg7 5. e3 O-O 6. Qb3 c5 7. cxd5 cxd4 8. exd4
Nbd7 9. Be2 Nb6 10. Bf3 Bg4 11. Bxg4 Nxg4 12. Nf3 Nf6 13. d6 exd6 14. O-O Nh5
15. Bg5 Qd7 16. Nd5 Nxd5 17. Qxd5 h6 18. Be3 Nf6 19. Qb3 Rfc8 20. Rac1 b6 21. h3
Qb7 22. Bf4 Ne4 23. Rfe1 g5 24. Be3 Rxc1 25. Rxc1 Rc8 26. Rxc8+ Qxc8 27. Qd5 Qc2
28. b4 Bf8 29. Qf5 Qb1+ 30. Kh2 Nc3 31. Qc8 Nd5 32. Bd2 Qxa2 33. h4 Ne7 34. Qe8
f6 35. hxg5 hxg5 36. Qa8 Kf7 37. Be3 a5 38. bxa5 Qxa5 39. Qe4 Qd5 40. Qc2 b5 41.
Nd2 Nf5 42. g4 Nh4 43. Qh7+ Ke8 44. Ne4 Be7 45. f4 f5 0-1

[Event "ch-ISR 2016"]
[Site "Tiberias ISR"]
[Date "2016.12.05"]
[Round "1.13"]
[White "Gruenfeld, Yehuda"]
[Black "Parkhov, Yair"]
[Result "1/2-1/2"]
[WhiteTitle "GM"]
[WhiteElo "2436"]
[BlackElo "2207"]
[WhiteFideId "2800020"]
[BlackFideId "2813408"]
[EventDate "2016.12.05"]

1. e4 e6 2. d4 d5 3. Nc3 Nf6 4. e5 Nfd7 5. f4 c5 6. Nf3 Nc6 7. Be3 cxd4 8. Nxd4
Qb6 9. Qd2 Qxb2 10. Rb1 Qa3 11. Bb5 Nxd4 12. Bxd4 a6 13. Bxd7+ Bxd7 14. Rb3 Qe7
15. Rxb7 Rc8 16. O-O Qa3 17. Rf3 Qa5 18. Qe3 Bc5 19. f5 Bxd4 20. Qxd4 Qc5 21.
Qxc5 Rxc5 22. Rb8+ Bc8 23. fxe6 fxe6 24. Ra8 Ke7 25. h4 Rd8 26. Ne2 Rxc2 27. Nd4
Rc4 28. Rf4 Bd7 29. Rxa6 Rb8 30. Ra7 Rb1+ 31. Kh2 Rd1 32. Ne2 Rd2 33. Rxc4 dxc4
34. Nc3 Rd3 35. Ne2 Kd8 36. Ra5 Rd2 37. Nc3 Bc6 38. Rc5 Bxg2 39. Kg1 Bd5 40. a4
Kd7 41. a5 Rc2 42. Nxd5 exd5 43. Rxd5+ Ke6 44. Rc5 g6 45. a6 Ra2 46. Rxc4 Rxa6
47. Rc7 h5 48. Rc5 Kf5 49. Kg2 Ra2+ 50. Kf3 Ra3+ 51. Kg2 Ra4 52. Kh3 Re4 53. e6+
Kf4 54. Rg5 Re3+ 55. Kh2 Rxe6 56. Kh3 Rd6 57. Kh2 Rc6 58. Kh3 Ra6 59. Kh2 Ke4
60. Kh3 Ke3 61. Kh2 Kf2 62. Rg2+ Kf3 63. Rg3+ Kf4 64. Rg5 Re6 65. Kh3 Ke3 66.
Kh2 Kf2 67. Rg2+ Kf3 68. Rg3+ Kf4 69. Rg5 Rf6 70. Kg2 Ke3 71. Rg3+ Ke2 72. Rg5
Re6 73. Rg3 Rd6 74. Rg5 Ke3 75. Kg3 Ke4 76. Kg2 Kf4 77. Kh3 Kf3 78. Rg3+ 1/2-1/2

[Event "ch-ISR 2016"]
[Site "Tiberias ISR"]
[Date "2016.12.05"]
[Round "1.14"]
[White "Frenkel, Ran"]
[Black "Reshef, Omer"]
[Result "0-1"]
[BlackTitle "IM"]
[WhiteElo "2201"]
[BlackElo "2435"]
[WhiteFideId "2815974"]
[BlackFideId "2804336"]
[EventDate "2016.12.05"]

1. e4 c5 2. Nf3 d6 3. c3 Nf6 4. Be2 g6 5. O-O Bg7 6. Qc2 Qc7 7. Re1 O-O 8. a4 a6
9. Na3 b6 10. Qb1 Bb7 11. Bf1 Qc6 12. d3 Qxa4 13. b4 cxb4 14. Nc4 Qc6 15. Qxb4
Nbd7 16. Rb1 Rab8 17. Bf4 a5 18. Qb3 Ba6 19. Nd4 Qc8 20. Nb5 Nc5 21. Qc2 Qd7 22.
Nba3 Qc6 23. f3 a4 24. d4 Nb3 25. Nd2 Bxf1 26. Rxf1 e5 27. dxe5 Qc5+ 28. Kh1
dxe5 29. Bg3 Nxd2 30. Qxd2 Qxa3 31. Bxe5 Nxe4 0-1

[Event "ch-ISR 2016"]
[Site "Tiberias ISR"]
[Date "2016.12.05"]
[Round "1.15"]
[White "Zanan, Evgeny"]
[Black "Gershkowich, David"]
[Result "1-0"]
[WhiteTitle "FM"]
[BlackTitle "FM"]
[WhiteElo "2434"]
[BlackElo "2191"]
[WhiteFideId "24101940"]
[BlackFideId "2803356"]
[EventDate "2016.12.05"]

1. d4 Nf6 2. c4 e6 3. Nf3 Nc6 4. Bf4 Bb4+ 5. Nbd2 d6 6. a3 Bxd2+ 7. Qxd2 Qe7 8.
Bg3 a5 9. b3 e5 10. d5 e4 11. dxc6 exf3 12. gxf3 bxc6 13. e3 Nd7 14. Be2 O-O 15.
Rg1 f5 1-0

[Event "ch-ISR 2016"]
[Site "Tiberias ISR"]
[Date "2016.12.06"]
[Round "2.1"]
[White "Kobo, Ori"]
[Black "Nabaty, Tamir"]
[Result "0-1"]
[WhiteTitle "IM"]
[BlackTitle "GM"]
[WhiteElo "2480"]
[BlackElo "2649"]
[WhiteFideId "2812320"]
[BlackFideId "2809052"]
[EventDate "2016.12.05"]

1. e4 e5 2. Nf3 Nc6 3. Bb5 a6 4. Ba4 Nf6 5. O-O b5 6. Bb3 Bb7 7. d3 Bc5 8. Nc3
O-O 9. Nd5 Na5 10. Bg5 Be7 11. Nxe7+ Qxe7 12. Nh4 Nxb3 13. axb3 Qe6 14. Nf5 d5
15. f4 dxe4 16. fxe5 Nd7 17. d4 Rae8 18. Qg4 Qg6 19. Nh4 Qe6 20. Nf5 Qg6 21. Qh4
e3 22. Nxe3 Nxe5 23. Qg3 Nc6 24. Nf5 f6 25. Bh4 Bc8 26. Qf3 Bxf5 27. Qxf5 Qxf5
28. Rxf5 Nxd4 29. Rc5 Re2 30. Rxc7 Rd8 31. Kf1 Rxc2 32. Rxc2 Nxc2 33. Rxa6 Rd3
34. Rc6 Ne3+ 35. Ke2 Rxb3 36. Rc8+ Kf7 37. Rc7+ Kg6 38. Rc3 Rxc3 39. bxc3 Nxg2
40. Bg3 Kg5 41. Kf3 Nh4+ 42. Ke4 f5+ 43. Kd5 f4 44. Bf2 Nf3 45. Kc5 Nxh2 46. Kd4 0-1

[Event "ch-ISR 2016"]
[Site "Tiberias ISR"]
[Date "2016.12.06"]
[Round "2.2"]
[White "Postny, Evgeny"]
[Black "Steinberg, Nitzan"]
[Result "1/2-1/2"]
[WhiteTitle "GM"]
[BlackTitle "IM"]
[WhiteElo "2620"]
[BlackElo "2476"]
[WhiteFideId "2804344"]
[BlackFideId "2801795"]
[EventDate "2016.12.05"]

1. d4 Nf6 2. c4 e6 3. Nf3 d5 4. Bg5 h6 5. Bxf6 Qxf6 6. e3 g6 7. Nc3 c6 8. Be2
Bg7 9. O-O O-O 10. b4 dxc4 11. Bxc4 Qe7 12. Qb3 Nd7 13. Rfd1 b6 14. Rac1 Bb7 15.
Be2 Rfd8 16. a3 h5 17. h3 Kh8 18. Qb1 a5 19. Qb3 axb4 20. axb4 Rab8 21. b5 c5
22. d5 Ne5 23. Nxe5 Bxe5 24. dxe6 fxe6 25. Qc4 Ra8 26. Bf1 Kg7 27. Rxd8 Rxd8 28.
Rd1 Rxd1 29. Nxd1 Qd6 30. Qc2 Qd5 31. Nc3 Qd8 32. Ne4 Bd5 33. Nd2 Bc7 34. Bc4
Qd6 35. f4 Bxc4 36. Nxc4 Qd5 37. Kf2 g5 38. fxg5 Qxg5 39. Qe4 Qd5 40. Qc2 h4 41.
Nd2 c4 42. Nxc4 Bg3+ 43. Kf1 Qxb5 44. Qe4 Qb4 45. Qd4+ Kh6 46. Qf6+ Kh5 47. Qf7+
Kg5 48. Qg7+ Kf5 49. Qf7+ Kg5 50. Qg7+ Kf5 51. Qf7+ Kg5 1/2-1/2

[Event "ch-ISR 2016"]
[Site "Tiberias ISR"]
[Date "2016.12.06"]
[Round "2.3"]
[White "Givon, Asaf"]
[Black "Roiz, Michael"]
[Result "1/2-1/2"]
[WhiteTitle "IM"]
[BlackTitle "GM"]
[WhiteElo "2471"]
[BlackElo "2608"]
[WhiteFideId "2801841"]
[BlackFideId "2804158"]
[EventDate "2016.12.05"]

1. e4 e5 2. Nf3 Nc6 3. Bb5 a6 4. Ba4 Nf6 5. O-O Be7 6. Re1 b5 7. Bb3 d6 8. c3
O-O 9. h3 Nb8 10. d4 Nbd7 11. Nbd2 Bb7 12. Bc2 Re8 13. Nf1 Bf8 14. Ng3 g6 15. a4
c5 16. d5 c4 17. Bg5 h6 18. Be3 Nc5 19. Qd2 h5 20. Bg5 Be7 21. Ra3 Nfd7 22. Bxe7
Qxe7 23. Rea1 Rab8 24. axb5 axb5 25. Qh6 Qf8 26. Qg5 Qe7 27. Qh6 Qf8 28. Qg5 Qe7
29. Qh6 Qf8 30. Qg5 Qe7 1/2-1/2

[Event "ch-ISR 2016"]
[Site "Tiberias ISR"]
[Date "2016.12.06"]
[Round "2.4"]
[White "Reshef, Omer"]
[Black "Baron, Tal"]
[Result "1/2-1/2"]
[WhiteTitle "IM"]
[BlackTitle "GM"]
[WhiteElo "2435"]
[BlackElo "2536"]
[WhiteFideId "2804336"]
[BlackFideId "2809958"]
[EventDate "2016.12.05"]

1. e4 c5 2. Nf3 e6 3. g3 Nc6 4. Bg2 Nf6 5. Nc3 d5 6. exd5 Nxd5 7. O-O Nxc3 8.
bxc3 Be7 9. d4 O-O 10. Be3 Qa5 11. Qd3 b6 12. Ng5 Bxg5 13. Bxc6 Ba6 14. c4 Rac8
15. d5 Bf6 16. Rab1 Rfd8 17. Qe4 Qxa2 18. dxe6 fxe6 19. Qxe6+ Kh8 20. Bd5 Qxc2
21. Ra1 Re8 22. Qg4 Bxa1 23. Rxa1 Rxe3 24. fxe3 Rf8 25. Rf1 Rxf1+ 26. Kxf1 Qd3+
27. Kg2 Qc2+ 28. Kh3 Qg6 29. Qd7 Qh5+ 30. Kg2 Qe2+ 31. Kh3 Qf1+ 32. Kg4 Qf8 33.
Be6 Qb8 34. e4 Bb7 35. Kf3 a5 36. Ke3 h6 37. g4 Qa8 38. Bd5 Bxd5 39. cxd5 a4 40.
Qc6 Qa5 41. Qc8+ Kh7 42. Qf5+ Kh8 43. Qf8+ Kh7 44. Qf5+ Kh8 45. Qf8+ 1/2-1/2

[Event "ch-ISR 2016"]
[Site "Tiberias ISR"]
[Date "2016.12.06"]
[Round "2.5"]
[White "Dvoirys, Semen I."]
[Black "Zanan, Evgeny"]
[Result "1-0"]
[WhiteTitle "GM"]
[BlackTitle "FM"]
[WhiteElo "2534"]
[BlackElo "2434"]
[WhiteFideId "4100379"]
[BlackFideId "24101940"]
[EventDate "2016.12.05"]

1. e4 c5 2. Nf3 d6 3. d4 cxd4 4. Nxd4 Nf6 5. Nc3 a6 6. a3 e5 7. Nf3 h6 8. Bc4
Be6 9. Bxe6 fxe6 10. Nh4 Nc6 11. f4 Rg8 12. Nf3 Qb6 13. Qd3 Ng4 14. Rf1 exf4 15.
Bxf4 g5 16. Bd2 O-O-O 17. O-O-O Bg7 18. Qe2 Kb8 19. h3 Nge5 20. Be3 Qa5 21. Nxe5
Bxe5 22. Rd3 Rgf8 23. Kb1 Rc8 24. Bg1 Ne7 25. Rfd1 Rc6 26. Na2 Qb5 27. Nb4 Rc7
28. Qe3 Nc8 29. Rb3 Qc4 30. Qd3 Ka8 31. Re1 Ne7 32. Qd1 Nc6 33. Nd3 Bd4 34. Bh2
e5 35. Bg3 a5 36. Nc1 Rcf7 37. Rd3 Bf2 38. Bxf2 Rxf2 39. Rxd6 Rxg2 40. Nd3 Nd4
41. Nxe5 Qxc2+ 42. Qxc2 Nxc2 43. Rc1 Ne3 44. Rxh6 g4 45. Rc5 Rf1+ 46. Ka2 Rff2
47. Rxa5+ Kb8 48. Rh8+ Kc7 49. Rc5+ Kd6 50. Rb5 g3 51. Rh6+ Kc7 52. Rh7+ Kd6 53.
Rhxb7 Rd2 54. R7b6+ Ke7 55. Rg6 Kd8 56. Rg7 Kc8 57. Rc5+ Kd8 58. Rb7 Nd1 59.
Nf7+ 1-0

[Event "ch-ISR 2016"]
[Site "Tiberias ISR"]
[Date "2016.12.06"]
[Round "2.6"]
[White "Mikhalevski, Victor"]
[Black "Shachar, Ehud"]
[Result "1/2-1/2"]
[WhiteTitle "GM"]
[BlackTitle "FM"]
[WhiteElo "2503"]
[BlackElo "2356"]
[WhiteFideId "2801914"]
[BlackFideId "2802198"]
[EventDate "2016.12.05"]

1. Nf3 e6 2. c4 f5 3. g3 Nf6 4. Bg2 Be7 5. O-O O-O 6. Nc3 d6 7. d4 Qe8 8. Re1
Ne4 9. Qc2 Qg6 10. e3 Nc6 11. a3 Nxc3 12. Qxc3 Bf6 13. b4 e5 14. b5 exd4 15.
exd4 Nd8 16. Ra2 Bd7 17. Rae2 Nf7 18. Nh4 Bxh4 19. gxh4 Rae8 20. Re7 Rxe7 21.
Rxe7 Rd8 22. Qg3 Qf6 23. Bg5 Nxg5 24. Qxg5 Qxg5 25. hxg5 Kf8 26. Re3 b6 27. Bd5
g6 28. Rh3 Kg7 29. a4 Re8 30. Kf1 Be6 31. Rc3 Bxd5 32. cxd5 Re7 33. a5 h5 34.
Ra3 Kf7 35. axb6 axb6 36. Ra7 Kg7 37. Ra8 Kf7 38. Rc8 Kg7 39. Kg2 Kf7 40. Kg3
Kg7 41. h4 Kf7 42. f3 Kg7 43. Kf4 Kf7 44. Rh8 Kg7 45. Rc8 1/2-1/2